Vodný mlyn

Bibliographic Details
Main Author: Na To-hjang (Author)
Other Authors: Genzor, Jozef, 1939-2019 (Translator)
Format: Article
Language:Slovak
Subjects:

MARC

LEADER 00000nab a2200000 a 4500
001 vtls000029307
003 SK-MaSNL
005 20260304064503.0
008 250422c1979 xo 0 slo
015 |a SNBRB19rr/mm-uuuuu 
035 |a CL0039401 
035 |a urn:nbn:sk:snk-abb7rq 
035 |a (urnnbn)urn:nbn:sk:snk:ar-0048k8 
035 |a (uuid)b864e0b6-5da3-417f-bd7e-5caa56eeebec 
040 |a SNKBUCL  |b slo  |c SNKBUCL  |e AACR2 
041 0 |a slo 
044 |a xo  |c SK 
080 |a 895.7-3  |2 1981 
100 1 |a Na To-hjang  |4 aut  |9 956150 
245 1 0 |a Vodný mlyn  |c Na To-hjang ; Jozef Genzor 
650 0 7 |a poviedky sociálne  |2 snkbucl  |9 921073 
650 0 7 |a spoločnosť kórejská  |2 snkbucl  |9 1352380 
655 7 |a články z novín a časopisov  |2 snkbucl  |9 267496 
700 1 |a Genzor, Jozef,  |d 1939-2019  |4 trl  |9 100096 
773 0 |t Revue svetovej literatúry  |g Roč. 15, č. 2 (1979), s. 99-105 
850 |a Slovenská národná knižnica 
852 |a Slovenská národná knižnica 
958 |a article15 
958 |a OND 
958 |a RK 
958 |a LX 
958 |a EUIPO 
999 |c 2746607  |d 2748537